000 00311nam a2200109Ia 4500
008 220623s9999 xx 000 0 und d
020 _a9781446207215
082 _a658.30019 IND
100 _aNO AUTHOR EDITORS ONLY
245 4 _aTHE SAGE HANDBOOK OF INDUSTRIAL,WORK AND ORGANIZATIONAL PSYCHOLOGY
942 _cBK
_w561
_xJohn Tresidder
_y561
_zJohn Tresidder
999 _c677636
_d677635